000 00578nam a22001937a 4500
001 BT-PhCST
003 BT-PhCST
005 20190204172016.0
008 160404b xxu||||| |||| 00| 0 eng d
020 _a97893652130375
040 _aBT-PhCST
_bBT-PhCST
_cBT-PhCST
050 _a19865-19869
082 _222
_a005.446
100 _aNeuburg, Matt
245 _aios 8 programming fundamentals with swift :
_bSwift, Xcode and Cocoa Basics /
260 _aMumbai,
_bShroff Publishers and Distributors,
_cc2015.
300 _axix, 558p. ;
_bill. ;
_c23.2 cm.
942 _2ddc
_cCIVIL
999 _c6276
_d6276